<?xml version="1.0" encoding="UTF-8"?>
<record
    xmlns:xsi="http://www.w3.org/2001/XMLSchema-instance"
    xsi:schemaLocation="http://www.loc.gov/MARC21/slim http://www.loc.gov/standards/marcxml/schema/MARC21slim.xsd"
    xmlns="http://www.loc.gov/MARC21/slim">

  <leader>02794nam a2200373 a 4500</leader>
  <controlfield tag="003">CHAP</controlfield>
  <controlfield tag="005">20230503181902.0</controlfield>
  <controlfield tag="007">ta</controlfield>
  <controlfield tag="008">230503s2020    sp ad||fr|||| 001 0 spa d</controlfield>
  <datafield tag="020" ind1=" " ind2=" ">
    <subfield code="a">978-987-1457-44-1</subfield>
  </datafield>
  <datafield tag="040" ind1=" " ind2=" ">
    <subfield code="a">mxchpua</subfield>
    <subfield code="c">CHAP</subfield>
    <subfield code="e">rda</subfield>
  </datafield>
  <datafield tag="050" ind1="1" ind2="0">
    <subfield code="a">TJ810.7</subfield>
    <subfield code="b">.A74 2020</subfield>
  </datafield>
  <datafield tag="082" ind1="0" ind2="0">
    <subfield code="a">621.47</subfield>
    <subfield code="b">A74 2020</subfield>
    <subfield code="2">20</subfield>
  </datafield>
  <datafield tag="100" ind1="1" ind2=" ">
    <subfield code="9">186881</subfield>
    <subfield code="a">Arenas, Fernando Carlos </subfield>
    <subfield code="e">autor </subfield>
  </datafield>
  <datafield tag="245" ind1="1" ind2="0">
    <subfield code="a">Procesos para el uso t&#xE9;rmico de la energ&#xED;a solar / </subfield>
    <subfield code="c">Fernando Carlos Arenas </subfield>
  </datafield>
  <datafield tag="250" ind1=" " ind2=" ">
    <subfield code="a">1a edici&#xF3;n </subfield>
  </datafield>
  <datafield tag="264" ind1=" " ind2=" ">
    <subfield code="a">Espa&#xF1;a, C&#xF3;rdoba : </subfield>
    <subfield code="b">Universitas, </subfield>
    <subfield code="c">2020</subfield>
  </datafield>
  <datafield tag="300" ind1=" " ind2=" ">
    <subfield code="a">157 p&#xE1;ginas :</subfield>
    <subfield code="b">ilustraciones, tablas, gr&#xE1;ficas y diagramas  </subfield>
  </datafield>
  <datafield tag="336" ind1=" " ind2=" ">
    <subfield code="2">rdacontent</subfield>
    <subfield code="a">texto</subfield>
    <subfield code="b">txt</subfield>
  </datafield>
  <datafield tag="337" ind1=" " ind2=" ">
    <subfield code="2">rdamedia</subfield>
    <subfield code="a">sin medio</subfield>
    <subfield code="b">n</subfield>
  </datafield>
  <datafield tag="338" ind1=" " ind2=" ">
    <subfield code="2">rdacarrier</subfield>
    <subfield code="a">volumen</subfield>
    <subfield code="b">nc</subfield>
  </datafield>
  <datafield tag="490" ind1="1" ind2=" ">
    <subfield code="a">Ingenier&#xED;a (Universitas)</subfield>
  </datafield>
  <datafield tag="504" ind1=" " ind2=" ">
    <subfield code="a">Bibliograf&#xED;a: p&#xE1;ginas 157</subfield>
  </datafield>
  <datafield tag="505" ind1="0" ind2=" ">
    <subfield code="a">CAP&#xCD;TULO 1: LA RADIACI&#xD3;N SOLAR --
CAP&#xCD;TULO 2: CONCEPTOS B&#xC1;SICOS SOBRE TRANSMISI&#xD3;N DEL CALOR --
CAP&#xCD;TULO 3: CONVERSI&#xD3;N T&#xC9;RMICA DE LA ENERG&#xCD;A SOLAR --
CAP&#xCD;TULO 4: CAPTACI&#xD3;N DE LA ENERG&#xCD;A NECESARIA PARA EL A. C. S. --
CAP&#xCD;TULO 5: APLICACI&#xD3;N A MEDIA Y ALTA TEMPERATURA --
CAP&#xCD;TULO 6: SISTEMAS DE CALEFACCI&#xD3;N Y REFRIGERACI&#xD3;N --
CAP&#xCD;TULO 7: PURIFICACI&#xD3;N SOLAR DEL AGUA --
CAP&#xCD;TULO 8: SECADO SOLAR</subfield>
  </datafield>
  <datafield tag="520" ind1="2" ind2=" ">
    <subfield code="a">Este texto est&#xE1; dedicado a todos aquellos que desean tomar conocimiento de los problemas espec&#xED;ficos relacionados con el aprovechamiento de la energ&#xED;a solar t&#xE9;rmica, contribuyendo as&#xED; a la difusi&#xF3;n de los conceptos cient&#xED;ficos relativos a las energ&#xED;as no convencionales y sus tecnolog&#xED;as.El tratamiento de este tema tiene su origen en un curso dado en la Facultad de Ciencias Exactas F&#xED;sicas y Naturales de la Universidad Nacional de C&#xF3;rdoba por un per&#xED;odo de varios a&#xF1;os. En su desarrollo se busc&#xF3; asegurar la comprensi&#xF3;n de los fen&#xF3;menos f&#xED;sicos, introduciendo para ello las f&#xF3;rmulas m&#xE1;s importantes relacionadas con los mismos, como as&#xED; tambi&#xE9;n, los aspectos pr&#xE1;cticos que sirven como suplemento de los procesos de ingenier&#xED;a.
Se ha supuesto que el lector posee conocimientos incorporados sobre la termodin&#xE1;mica, la &#xF3;ptica, la transmisi&#xF3;n del calor, la mec&#xE1;nica de los fluidos etc.El objetivo del libro se ver&#xE1; cumplido si el mismo es un aporte para quienes desean ayudar a satisfacer una mayor demanda energ&#xE9;tica sin contribuir a un agotamiento de los recursos naturales no renovables y al deterioro medioambiental del planeta.</subfield>
  </datafield>
  <datafield tag="650" ind1="1" ind2="3">
    <subfield code="9">36911</subfield>
    <subfield code="a">Energ&#xED;a solar</subfield>
  </datafield>
  <datafield tag="650" ind1="1" ind2="3">
    <subfield code="9">186890</subfield>
    <subfield code="a">Energ&#xED;a solar t&#xE9;rmica</subfield>
  </datafield>
  <datafield tag="650" ind1="1" ind2="3">
    <subfield code="9">186444</subfield>
    <subfield code="a">Fuentes de energ&#xED;a renovable</subfield>
  </datafield>
  <datafield tag="650" ind1="1" ind2="3">
    <subfield code="9">156670</subfield>
    <subfield code="a">Solar energy</subfield>
  </datafield>
  <datafield tag="650" ind1="1" ind2="3">
    <subfield code="9">186891</subfield>
    <subfield code="a">Solar thermal energy</subfield>
  </datafield>
  <datafield tag="650" ind1="1" ind2="3">
    <subfield code="9">186445</subfield>
    <subfield code="a">Renewable energy sources</subfield>
  </datafield>
  <datafield tag="830" ind1=" " ind2="0">
    <subfield code="9">186882</subfield>
    <subfield code="a">Ingenier&#xED;a (Universitas)</subfield>
  </datafield>
  <datafield tag="942" ind1=" " ind2=" ">
    <subfield code="2">ddc</subfield>
    <subfield code="c">Libro</subfield>
  </datafield>
  <datafield tag="999" ind1=" " ind2=" ">
    <subfield code="c">218671</subfield>
    <subfield code="d">218671</subfield>
  </datafield>
  <datafield tag="952" ind1=" " ind2=" ">
    <subfield code="0">0</subfield>
    <subfield code="1">0</subfield>
    <subfield code="2">ddc</subfield>
    <subfield code="4">0</subfield>
    <subfield code="5">1</subfield>
    <subfield code="7">0</subfield>
    <subfield code="8">GRAL</subfield>
    <subfield code="a">IA_</subfield>
    <subfield code="b">IA_</subfield>
    <subfield code="d">2021-12-16</subfield>
    <subfield code="e">Compra Carvann Books F. C 22</subfield>
    <subfield code="i">Consumo</subfield>
    <subfield code="l">0</subfield>
    <subfield code="o">621.47 A74 2020</subfield>
    <subfield code="p">1102014725</subfield>
    <subfield code="r">2023-05-03 00:00:00</subfield>
    <subfield code="t">Ej. 1</subfield>
    <subfield code="w">2023-05-03</subfield>
    <subfield code="y">LIBRO</subfield>
  </datafield>
  <datafield tag="952" ind1=" " ind2=" ">
    <subfield code="0">0</subfield>
    <subfield code="1">0</subfield>
    <subfield code="2">ddc</subfield>
    <subfield code="4">0</subfield>
    <subfield code="5">5</subfield>
    <subfield code="7">0</subfield>
    <subfield code="8">GRAL</subfield>
    <subfield code="a">IA_</subfield>
    <subfield code="b">IA_</subfield>
    <subfield code="d">2021-12-16</subfield>
    <subfield code="e">Compra Carvann Books F. C 22</subfield>
    <subfield code="i">Consumo</subfield>
    <subfield code="l">1</subfield>
    <subfield code="o">621.47 A74 2020</subfield>
    <subfield code="p">1102014726</subfield>
    <subfield code="r">2024-10-22 13:35:08</subfield>
    <subfield code="s">2024-10-04</subfield>
    <subfield code="t">Ej. 2</subfield>
    <subfield code="w">2023-05-03</subfield>
    <subfield code="y">LIBRO</subfield>
  </datafield>
</record>
